System dynamics; modeling simulation and control of mechatronic systems (Record no. 576791)
[ view plain ]
| 000 -LEADER | |
|---|---|
| fixed length control field | 00501nam a22001577a 4500 |
| 020 ## - INTERNATIONAL STANDARD BOOK NUMBER | |
| International Standard Book Number | 9780470889084 |
| 082 ## - DEWEY DECIMAL CLASSIFICATION NUMBER | |
| Classification number | 620.0011 KAR |
| 100 ## - MAIN ENTRY--PERSONAL NAME | |
| Personal name | Karnopp, Dean C. |
| 9 (RLIN) | 69559 |
| 245 ## - TITLE STATEMENT | |
| Title | System dynamics; modeling simulation and control of mechatronic systems |
| 250 ## - EDITION STATEMENT | |
| Edition statement | 5th |
| 260 ## - PUBLICATION, DISTRIBUTION, ETC. | |
| Place of publication, distribution, etc. | USA |
| Name of publisher, distributor, etc. | Wiley |
| Date of publication, distribution, etc. | 2012 |
| 300 ## - PHYSICAL DESCRIPTION | |
| Extent | xii,636 P |
| 650 ## - SUBJECT ADDED ENTRY--TOPICAL TERM | |
| Topical term or geographic name entry element | SYSTEM DYNAMICS; MODELING SIMULATION AND CONTROL OF MECHATRONIC SYSTEMS |
| 9 (RLIN) | 69560 |
| 700 ## - ADDED ENTRY--PERSONAL NAME | |
| Personal name | Margolis, Donald L. Rosenberg, Ronald C. |
| 9 (RLIN) | 69561 |
| 942 ## - ADDED ENTRY ELEMENTS (KOHA) | |
| Koha item type | Book |
| Withdrawn status | Lost status | Damaged status | Not for loan | Collection code | Permanent Location | Current Location | Shelving location | Date acquired | Total Checkouts | Full call number | Barcode | Date last seen | Price effective from | Koha item type |
|---|---|---|---|---|---|---|---|---|---|---|---|---|---|---|
| College of Electrical & Mechanical Engineering (CEME) | College of Electrical & Mechanical Engineering (CEME) | General Stacks | 09/11/2019 | 620.0011 KAR | CEME-49686 (RES COP) | 06/28/2021 | 06/28/2021 | Book | ||||||
| College of Electrical & Mechanical Engineering (CEME) | College of Electrical & Mechanical Engineering (CEME) | General Stacks | 10/11/2019 | 620.0011 KAR | SCB-49686 | 06/28/2021 | 06/28/2021 | Book |
